<?xml version="1.0" encoding="UTF-8"?>
<record
    xmlns:xsi="http://www.w3.org/2001/XMLSchema-instance"
    xsi:schemaLocation="http://www.loc.gov/MARC21/slim http://www.loc.gov/standards/marcxml/schema/MARC21slim.xsd"
    xmlns="http://www.loc.gov/MARC21/slim">

  <leader>02895nam a22002657a 4500</leader>
  <controlfield tag="001">6725</controlfield>
  <controlfield tag="003">FISKH</controlfield>
  <controlfield tag="005">20250523091717.0</controlfield>
  <controlfield tag="008">250522b        cb ||||| |||| 00| 0 eng d</controlfield>
  <datafield tag="020" ind1=" " ind2=" ">
    <subfield code="a">9789996333347</subfield>
  </datafield>
  <datafield tag="040" ind1=" " ind2=" ">
    <subfield code="a">FISKH </subfield>
    <subfield code="b">khr </subfield>
    <subfield code="c">FISKH</subfield>
    <subfield code="d">FISKH</subfield>
  </datafield>
  <datafield tag="082" ind1=" " ind2=" ">
    <subfield code="a">895.932</subfield>
  </datafield>
  <datafield tag="100" ind1=" " ind2=" ">
    <subfield code="a">Sokheng, Kong </subfield>
  </datafield>
  <datafield tag="245" ind1=" " ind2=" ">
    <subfield code="a">&#x1791;&#x179F;&#x1787;&#x17B6;&#x178F;&#x1780; : </subfield>
    <subfield code="b">&#x17A2;&#x1780;&#x17D2;&#x179F;&#x179A;&#x179F;&#x17B7;&#x179B;&#x17D2;&#x1794;&#x17CF;&#x1796;&#x17BB;&#x1791;&#x17D2;&#x178C;&#x1793;&#x17B7;&#x1799;&#x1798; /</subfield>
    <subfield code="c">&#x179A;&#x17C0;&#x1794;&#x179A;&#x17C0;&#x1784;&#x178A;&#x17C4;&#x1799; &#x1782;&#x1784;&#x17CB; &#x179F;&#x17BB;&#x1781;&#x17A0;&#x17C1;&#x1784;&#x200B;</subfield>
  </datafield>
  <datafield tag="250" ind1=" " ind2=" ">
    <subfield code="a">&#x1794;&#x17C4;&#x17C7;&#x1796;&#x17BB;&#x1798;&#x17D2;&#x1796;&#x179B;&#x17BE;&#x1780;&#x1791;&#x17B8; &#x17E1;&#x200B;</subfield>
  </datafield>
  <datafield tag="260" ind1=" " ind2=" ">
    <subfield code="a">&#x1797;&#x17D2;&#x1793;&#x17C6;&#x1796;&#x17C1;&#x1789; :</subfield>
    <subfield code="b">&#x1794;&#x17C9;&#x17C3; &#x178E;&#x17C2;&#x178F; ,</subfield>
    <subfield code="c">2013 .</subfield>
  </datafield>
  <datafield tag="300" ind1=" " ind2=" ">
    <subfield code="a">315 pages : </subfield>
    <subfield code="b">color illustrations ; </subfield>
    <subfield code="c">21 cm .</subfield>
  </datafield>
  <datafield tag="520" ind1=" " ind2=" ">
    <subfield code="a">&#x179F;&#x17C0;&#x179C;&#x1797;&#x17C5; &#x1791;&#x179F;&#x1787;&#x17B6;&#x178F;&#x1780;&#x17C8; &#x179F;&#x17B7;&#x1780;&#x17D2;&#x179F;&#x17B6;&#x17A2;&#x1780;&#x17D2;&#x179F;&#x179A;&#x179F;&#x17B7;&#x179B;&#x17D2;&#x1794;&#x17CD;&#x1796;&#x17BB;&#x1791;&#x17D2;&#x1792;&#x1793;&#x17B7;&#x1799;&#x1798; &#x178A;&#x17C2;&#x179B;&#x178F;&#x17D2;&#x179A;&#x17BC;&#x179C;&#x1794;&#x17B6;&#x1793;&#x179A;&#x17C0;&#x1794;&#x179A;&#x17C0;&#x1784;&#x178A;&#x17C4;&#x1799;&#x179B;&#x17C4;&#x1780; &#x1782;&#x1784;&#x17CB; &#x179F;&#x17BB;&#x1781;&#x17A0;&#x17C1;&#x1784; &#x1782;&#x17BA;&#x1787;&#x17B6;&#x179C;&#x17B7;&#x1785;&#x17B6;&#x179A;&#x178E;&#x1780;&#x1790;&#x17B6;&#x179F;&#x17B7;&#x1780;&#x17D2;&#x179F;&#x17B6;&#x178A;&#x17C2;&#x179B;&#x1795;&#x17D2;&#x178F;&#x179B;&#x17CB;&#x1785;&#x17C6;&#x178E;&#x17C1;&#x17C7;&#x178A;&#x17B9;&#x1784;&#x17A2;&#x1794;&#x17CB;&#x179A;&#x17C6;&#x17A2;&#x17C6;&#x1796;&#x17B8;&#x17A2;&#x1780;&#x17D2;&#x179F;&#x179A;&#x179F;&#x17B7;&#x179B;&#x17D2;&#x1794;&#x17CD;&#x1796;&#x17BB;&#x1791;&#x17D2;&#x1792;&#x179F;&#x17B6;&#x179F;&#x1793;&#x17B6; &#x178A;&#x17C4;&#x1799;&#x1795;&#x17D2;&#x178F;&#x17C4;&#x178F;&#x179B;&#x17BE;&#x179A;&#x17BF;&#x1784; &#x1787;&#x17B6;&#x178F;&#x1780;&#x17D4; &#x179A;&#x17BF;&#x1784;&#x1787;&#x17B6;&#x178F;&#x1780;&#x1791;&#x17B6;&#x17C6;&#x1784;&#x1793;&#x17C1;&#x17C7; &#x1796;&#x17B7;&#x1796;&#x178E;&#x17CC;&#x1793;&#x17B6;&#x17A2;&#x17C6;&#x1796;&#x17B8;&#x1787;&#x17B8;&#x179C;&#x17B7;&#x178F;&#x1798;&#x17BB;&#x1793;&#x17D7;&#x179A;&#x1794;&#x179F;&#x17CB;&#x1796;&#x17D2;&#x179A;&#x17C7;&#x1796;&#x17BB;&#x1791;&#x17D2;&#x1792; &#x178A;&#x17C2;&#x179B;&#x1794;&#x1784;&#x17D2;&#x17A0;&#x17B6;&#x1789;&#x1796;&#x17B8;&#x1798;&#x17C1;&#x179A;&#x17C0;&#x1793;&#x1781;&#x17B6;&#x1784;&#x17AF;&#x179A;&#x17B7;&#x178F;&#x17D2;&#x178F;&#x1792;&#x1798;&#x17CC; &#x1793;&#x17B7;&#x1784;&#x1780;&#x17B6;&#x179A;&#x1794;&#x1784;&#x17D2;&#x1780;&#x17BE;&#x1793;&#x1782;&#x17BB;&#x178E;&#x179C;&#x17BB;&#x178C;&#x17D2;&#x178D;&#x17B7;&#x179B;&#x1780;&#x17D2;&#x1781;&#x178E;&#x17C8;&#x179B;&#x17D2;&#x17A2;&#x17D4;




</subfield>
  </datafield>
  <datafield tag="520" ind1=" " ind2=" ">
    <subfield code="a">The book &#x1791;&#x179F;&#x1787;&#x17B6;&#x178F;&#x1780;&#x17C8; &#x179F;&#x17B7;&#x1780;&#x17D2;&#x179F;&#x17B6;&#x17A2;&#x1780;&#x17D2;&#x179F;&#x179A;&#x179F;&#x17B7;&#x179B;&#x17D2;&#x1794;&#x17CD;&#x1796;&#x17BB;&#x1791;&#x17D2;&#x1792;&#x1793;&#x17B7;&#x1799;&#x1798; (Ten Jataka Tales: A Study of Buddhist Literature) by Kong Sokheng is an educational resource that delves into the study of Buddhist literary works, focusing on the Jataka tales. These tales narrate the previous lives of the Buddha, illustrating moral lessons and the cultivation of virtues</subfield>
  </datafield>
  <datafield tag="520" ind1=" " ind2=" ">
    <subfield code="a">&#x179F;&#x17C0;&#x179C;&#x1797;&#x17C5; &#x1791;&#x179F;&#x1787;&#x17B6;&#x178F;&#x1780;&#x17C8; &#x179F;&#x17B7;&#x1780;&#x17D2;&#x179F;&#x17B6;&#x17A2;&#x1780;&#x17D2;&#x179F;&#x179A;&#x179F;&#x17B7;&#x179B;&#x17D2;&#x1794;&#x17CD;&#x1796;&#x17BB;&#x1791;&#x17D2;&#x1792;&#x1793;&#x17B7;&#x1799;&#x1798; &#x178A;&#x17C2;&#x179B;&#x178F;&#x17D2;&#x179A;&#x17BC;&#x179C;&#x1794;&#x17B6;&#x1793;&#x179A;&#x17C0;&#x1794;&#x179A;&#x17C0;&#x1784;&#x178A;&#x17C4;&#x1799;&#x179B;&#x17C4;&#x1780; &#x1782;&#x1784;&#x17CB; &#x179F;&#x17BB;&#x1781;&#x17A0;&#x17C1;&#x1784; &#x1782;&#x17BA;&#x1787;&#x17B6;&#x179C;&#x17B7;&#x1785;&#x17B6;&#x179A;&#x178E;&#x1780;&#x1790;&#x17B6;&#x179F;&#x17B7;&#x1780;&#x17D2;&#x179F;&#x17B6;&#x178A;&#x17C2;&#x179B;&#x1795;&#x17D2;&#x178F;&#x179B;&#x17CB;&#x1785;&#x17C6;&#x178E;&#x17C1;&#x17C7;&#x178A;&#x17B9;&#x1784;&#x17A2;&#x1794;&#x17CB;&#x179A;&#x17C6;&#x17A2;&#x17C6;&#x1796;&#x17B8;&#x17A2;&#x1780;&#x17D2;&#x179F;&#x179A;&#x179F;&#x17B7;&#x179B;&#x17D2;&#x1794;&#x17CD;&#x1796;&#x17BB;&#x1791;&#x17D2;&#x1792;&#x179F;&#x17B6;&#x179F;&#x1793;&#x17B6; &#x178A;&#x17C4;&#x1799;&#x1795;&#x17D2;&#x178F;&#x17C4;&#x178F;&#x179B;&#x17BE;&#x179A;&#x17BF;&#x1784; &#x1787;&#x17B6;&#x178F;&#x1780;&#x17D4; &#x179A;&#x17BF;&#x1784;&#x1787;&#x17B6;&#x178F;&#x1780;&#x1791;&#x17B6;&#x17C6;&#x1784;&#x1793;&#x17C1;&#x17C7; &#x1796;&#x17B7;&#x1796;&#x178E;&#x17CC;&#x1793;&#x17B6;&#x17A2;&#x17C6;&#x1796;&#x17B8;&#x1787;&#x17B8;&#x179C;&#x17B7;&#x178F;&#x1798;&#x17BB;&#x1793;&#x17D7;&#x179A;&#x1794;&#x179F;&#x17CB;&#x1796;&#x17D2;&#x179A;&#x17C7;&#x1796;&#x17BB;&#x1791;&#x17D2;&#x1792; &#x178A;&#x17C2;&#x179B;&#x1794;&#x1784;&#x17D2;&#x17A0;&#x17B6;&#x1789;&#x1796;&#x17B8;&#x1798;&#x17C1;&#x179A;&#x17C0;&#x1793;&#x1781;&#x17B6;&#x1784;&#x17AF;&#x179A;&#x17B7;&#x178F;&#x17D2;&#x178F;&#x1792;&#x1798;&#x17CC; &#x1793;&#x17B7;&#x1784;&#x1780;&#x17B6;&#x179A;&#x1794;&#x1784;&#x17D2;&#x1780;&#x17BE;&#x1793;&#x1782;&#x17BB;&#x178E;&#x179C;&#x17BB;&#x178C;&#x17D2;&#x178D;&#x17B7;&#x179B;&#x1780;&#x17D2;&#x1781;&#x178E;&#x17C8;&#x179B;&#x17D2;&#x17A2;&#x17D4;</subfield>
  </datafield>
  <datafield tag="650" ind1=" " ind2=" ">
    <subfield code="a">&#x1791;&#x179F;&#x1787;&#x17B6;&#x178F;&#x1780;</subfield>
    <subfield code="v">&#x17A2;&#x1780;&#x17D2;&#x179F;&#x179A;&#x179F;&#x17B7;&#x179B;&#x17D2;&#x1794;&#x17CF;&#x1796;&#x17BB;&#x1791;&#x17D2;&#x1792;&#x1793;&#x17B7;&#x1799;&#x1798;&#x200B;</subfield>
  </datafield>
  <datafield tag="650" ind1=" " ind2=" ">
    <subfield code="a">Toscheadok</subfield>
    <subfield code="v">Buddhist literature</subfield>
  </datafield>
  <datafield tag="942" ind1=" " ind2=" ">
    <subfield code="2">ddc</subfield>
    <subfield code="c">KHB</subfield>
    <subfield code="n">0</subfield>
  </datafield>
  <datafield tag="999" ind1=" " ind2=" ">
    <subfield code="c">6725</subfield>
    <subfield code="d">6725</subfield>
  </datafield>
  <datafield tag="952" ind1=" " ind2=" ">
    <subfield code="0">0</subfield>
    <subfield code="1">0</subfield>
    <subfield code="2">ddc</subfield>
    <subfield code="4">0</subfield>
    <subfield code="7">0</subfield>
    <subfield code="8">KH</subfield>
    <subfield code="a">002</subfield>
    <subfield code="b">002</subfield>
    <subfield code="c">SKB</subfield>
    <subfield code="d">2025-05-22</subfield>
    <subfield code="l">0</subfield>
    <subfield code="o">SOK 895.932</subfield>
    <subfield code="p">FISSE02236</subfield>
    <subfield code="r">2025-05-22 16:11:48</subfield>
    <subfield code="t">1</subfield>
    <subfield code="w">2025-05-22</subfield>
    <subfield code="y">KHB</subfield>
  </datafield>
  <datafield tag="952" ind1=" " ind2=" ">
    <subfield code="0">0</subfield>
    <subfield code="1">0</subfield>
    <subfield code="2">ddc</subfield>
    <subfield code="4">0</subfield>
    <subfield code="7">0</subfield>
    <subfield code="8">KH</subfield>
    <subfield code="a">002</subfield>
    <subfield code="b">002</subfield>
    <subfield code="c">SKB</subfield>
    <subfield code="d">2025-05-22</subfield>
    <subfield code="l">0</subfield>
    <subfield code="o">SOK 895.932</subfield>
    <subfield code="p">FISSE02207</subfield>
    <subfield code="r">2025-05-22 16:15:49</subfield>
    <subfield code="t">2</subfield>
    <subfield code="w">2025-05-22</subfield>
    <subfield code="y">KHB</subfield>
  </datafield>
  <datafield tag="952" ind1=" " ind2=" ">
    <subfield code="0">0</subfield>
    <subfield code="1">0</subfield>
    <subfield code="2">ddc</subfield>
    <subfield code="4">0</subfield>
    <subfield code="7">0</subfield>
    <subfield code="8">KH</subfield>
    <subfield code="a">002</subfield>
    <subfield code="b">002</subfield>
    <subfield code="c">SKB</subfield>
    <subfield code="d">2025-05-22</subfield>
    <subfield code="l">0</subfield>
    <subfield code="o">SOK 895.932</subfield>
    <subfield code="p">FISSE01611</subfield>
    <subfield code="r">2025-05-22 16:16:15</subfield>
    <subfield code="t">3</subfield>
    <subfield code="w">2025-05-22</subfield>
    <subfield code="y">KHB</subfield>
  </datafield>
  <datafield tag="952" ind1=" " ind2=" ">
    <subfield code="0">0</subfield>
    <subfield code="1">0</subfield>
    <subfield code="2">ddc</subfield>
    <subfield code="4">0</subfield>
    <subfield code="7">0</subfield>
    <subfield code="8">KH</subfield>
    <subfield code="a">002</subfield>
    <subfield code="b">002</subfield>
    <subfield code="c">SKB</subfield>
    <subfield code="d">2025-05-22</subfield>
    <subfield code="l">2</subfield>
    <subfield code="o">SOK 895.932</subfield>
    <subfield code="p">FISSE02222</subfield>
    <subfield code="r">2026-02-27 15:32:16</subfield>
    <subfield code="s">2026-02-02</subfield>
    <subfield code="t">4</subfield>
    <subfield code="w">2025-05-22</subfield>
    <subfield code="y">KHB</subfield>
  </datafield>
  <datafield tag="952" ind1=" " ind2=" ">
    <subfield code="0">0</subfield>
    <subfield code="1">0</subfield>
    <subfield code="2">ddc</subfield>
    <subfield code="4">0</subfield>
    <subfield code="7">0</subfield>
    <subfield code="8">KH</subfield>
    <subfield code="a">002</subfield>
    <subfield code="b">002</subfield>
    <subfield code="c">SKB</subfield>
    <subfield code="d">2025-05-22</subfield>
    <subfield code="l">0</subfield>
    <subfield code="o">SOK 895.932</subfield>
    <subfield code="p">2025-1389</subfield>
    <subfield code="r">2025-05-22 16:17:56</subfield>
    <subfield code="t">5</subfield>
    <subfield code="w">2025-05-22</subfield>
    <subfield code="y">KHB</subfield>
  </datafield>
</record>
